| 000 | 00397nam a2200157Ia 4500 | ||
|---|---|---|---|
| 008 | 230312s9999||||xx |||||||||||||| ||und|| | ||
| 020 | _a0-7645-4829-8 | ||
| 082 |
_a005.276 _bEVJ-X |
||
| 100 | _aEvjen Bill | ||
| 245 | 0 | _aXMLWeb Services for ASP.NET | |
| 260 |
_bWiley _aNew York _c2002 |
||
| 300 | _a622 | ||
| 546 | _aEng. | ||
| 650 |
_aComputer _vNET Framework , Techonology of NET |
||
| 942 | _cBK | ||
| 999 |
_c3074 _d3074 |
||